Представление документа в формате MARC21

Поле Инд. ПП Название Значение
Тип записи a
Библиографический уровень m
001 Контрольный номер RU/IS/BASE/433874773
005 Дата корректировки 20250421154949.7
040 a Служба первич. каталог. НБ ТвГУ
041 0_ a Код языка текста rus
080 a Индекс УДК 811.111'38:311(043.3)
084 a Индекс другой классификации/Индекс ББК Ш143.21-7в6я031
090 a Полочн. индекс 4И(Англ)
x Авторский знак Г 68
100 1_ a Автор Горевая Валентина Сергеевна
q Полное имя Горевая В. С.
245 10 a Заглавие Опыт статистического описания функционально-стилевых подразделений современного английского языка
b Продолж. заглавия дис. ... к.ф.н.
c Ответственность Калинин. гос. пед. ин-т им. М. П. Калинина
260 0_ a Место издания Калинин
b Издательство Калининский государственный педагогический институт
c Дата издания 1969
300 a Объем 255 с.
b Иллюстрации/ тип воспроизводства табл.
500 a Примечание На правах рукоп.
504 a Библиография Библиогр.: с. 220-239
653 0_ a Ключевые слова Английский язык
a Ключевые слова Диссертации
a Ключевые слова Статистические методы исследования
a Ключевые слова Статистические методы исследования стиля
a Ключевые слова Стилистика
a Ключевые слова Стилистика английского языка
a Ключевые слова Функциональные стили
710 12 a Организация/ юрисдикция Тверской государственный университет
901 t Тип документа m
920 a Оператор Аге
952 c Вид литературы Дис н
954 a Дата поступления на обработку 20130930